| Tag |
First Indicator |
Second Indicator |
Subfields |
| LEADER |
00000cam a2200000 a 4500 |
| 001 |
in00001403350 |
| 005 |
20151020055501.0 |
| 008 |
970528s1998 maua b 001 0 eng |
| 010 |
|
|
|a 97024730
|
| 020 |
|
|
|a 0205171508
|
| 035 |
|
|
|a (OCoLC)37004536
|
| 035 |
|
|
|9 AHN4585AM
|
| 040 |
|
|
|a DLC
|c DLC
|d TXA
|d UtOrBLW
|
| 043 |
|
|
|a n-us---
|
| 049 |
|
|
|a TXAM
|
| 050 |
0 |
0 |
|a LB3032
|b .H89 1998
|
| 082 |
0 |
0 |
|a 371.2/4/0973
|2 21
|
| 100 |
1 |
|
|a Huyvaert, Sarah H.,
|d 1946-
|
| 245 |
1 |
0 |
|a Time is of the essence :
|b learning in schools /
|c Sarah H. Huyvaert.
|
| 264 |
|
1 |
|a Boston :
|b Allyn and Bacon,
|c [1998]
|
| 264 |
|
4 |
|c ©1998
|
| 300 |
|
|
|a xiv, 306 pages :
|b illustrations ;
|c 23 cm.
|
| 336 |
|
|
|a text
|b txt
|2 rdacontent
|
| 337 |
|
|
|a unmediated
|b n
|2 rdamedia
|
| 338 |
|
|
|a volume
|b nc
|2 rdacarrier
|
| 504 |
|
|
|a Includes bibliographical references and indexes.
|
| 650 |
|
0 |
|a Schedules, School
|z United States.
|
| 650 |
|
0 |
|a School year
|z United States.
|
| 650 |
|
0 |
|a School day
|z United States.
|
| 650 |
|
0 |
|a Learning.
|
| 999 |
|
|
|a MARS
|
| 999 |
f |
f |
|s 946e47c3-1d64-3e6c-9c5e-7de28330b02c
|i 790e532b-377c-3462-a942-dd118d31752f
|t 0
|
| 952 |
f |
f |
|p normal
|a Texas A&M University
|b College Station
|c Sterling C. Evans Library
|d Evans: Library Stacks
|t 0
|e LB3032 .H89 1998
|h Library of Congress classification
|i unmediated -- volume
|m A14822133761
|
| 998 |
f |
f |
|a LB3032 .H89 1998
|t 0
|l Evans: Library Stacks
|